[Event "RUS-chT 05th"]
[Site "Maikop"]
[Date "1998.06.06"]
[Round "4"]
[White "Arkhipov, Sergey G"]
[Black "Erendzhenov, Stanislav"]
[Result "1-0"]
[WhiteElo "2355"]
[BlackElo "2370"]
[Annotator "Tsesarsky,I"]
[PlyCount "153"]
[EventDate "1998.06.03"]
[EventType "team-tourn"]
[EventRounds "11"]
[EventCountry "RUS"]
[SourceTitle "CBM 066"]
[Source "ChessBase"]
[SourceDate "1998.09.30"]
[SourceVersion "1"]
[SourceVersionDate "1998.09.30"]
[SourceQuality "1"]
[WhiteTeam "Novokuznetsk"]
[BlackTeam "Elista Uralan"]
[WhiteTeamCountry "RUS"]
[BlackTeamCountry "RUS"]

1. d4 d5 2. c4 c6 3. Nf3 Nf6 4. Nc3 e6 5. Bg5 Nbd7 6. e3 Qa5 7. Nd2 dxc4 8.
Bxf6 Nxf6 9. Nxc4 Qc7 10. Be2 Be7 11. O-O O-O 12. Rc1 Rd8 13. Qc2 $6 (13. Qb3
$5 Nd7 (13... Bd7 14. Bf3 Be8 15. Rfd1 Rac8 16. a3 $5 $14 (16. e4 b5 17. Ne3
Qb6 18. e5 Nd7 19. Ne4 (19. Bg4 Nf8 20. Ne2 Ng6 21. Bh3 c5 22. d5 c4 23. Qc3
Bc5 $2 (23... b4 $1 24. Qe1 Ba4 (24... Nxe5 25. dxe6 fxe6 26. Nf4 Bf7 $15) 25.
d6 (25. Nxc4 Rxc4 26. Rxc4 Bxd1 27. Qxd1 Nxe5 28. Rc2 Rxd5 $19) (25. Rd4 Nxe5
26. dxe6 Rxd4 (26... fxe6 27. Rxd8+ Bxd8 28. Nf4 Bd7 29. Rd1 Bg5 30. Ned5 (30.
Nxe6 Bxe3 31. Qxe3 Qxe3 32. fxe3 c3 33. bxc3 bxc3 34. Nd4 Bxh3 35. gxh3 a5 $17)
30... exd5 31. Qxe5 Bxh3 (31... Bxf4 32. Qxd5+ Kh8 33. Bxd7 Rd8 34. g3 c3 35.
gxf4 c2 36. Re1 Qc7 37. Qd2 $18) 32. Qxd5+ Kh8 33. Qxg5 Be6 34. Qe7 (34. Nxe6
Qxe6 35. Rd8+ Rxd8 36. Qxd8+ Qg8 37. Qc7 (37. Qxg8+ Kxg8 38. Kf1 Kf7 39. Ke2
Ke6 40. Ke3 Kd5 $17) 37... h6 38. Qxa7 Qc8 39. Qa4 c3 40. bxc3 bxc3 41. Qc2 Qb7
(41... Kg8 42. a4 Qc5 43. Kf1 Kf7 44. Ke2 Qd4 45. a5 Qe5+ 46. Kd3 Qxa5 47. Qxc3
Qd5+ $11) 42. Qd1 Qe4 43. f3 Qf5 44. Kf1 c2 45. Qc1 Qd3+ 46. Ke1 Kg8 47. a4 Kf7
48. a5 Qc3+ (48... Ke6 49. a6) 49. Ke2 Qxa5 50. Qxc2 Qe5+ $11) 34... Bg8 35.
Rd7 Qf6 36. Qxf6 gxf6 37. f3 c3 38. bxc3 bxc3 39. Nd3 c2 (39... Bxa2 40. Rxa7
$11) 40. Nc1 a5 41. Kf2 $15) 27. Nxd4 f6 28. Nd5 Qd8 29. Nf5 Bc5 30. Nxb4 Rb8
31. a3 a5 $15) 25... Bg5 26. Nxc4 Qa6 27. b3 Bxc1 28. Rxc1 Bb5 29. Qxb4 Bxc4
30. Rxc4 Nxe5 $19) 24. a3 (24. dxe6 fxe6 25. Rxd8 Rxd8 26. b4 Bxe3 27. Qxe3
Qxe3 28. Bxe6+ Bf7 29. Bxf7+ Kxf7 30. fxe3 Nxe5 31. Nc3 a6 32. a4 $15) 24...
Rb8 25. dxe6 fxe6 26. b4 Be7 27. f4 $132 {1-0 Cramling,P-Soppe,G/Buenos Aires
ARG-WORLD 1994 (36)}) 19... c5 20. Qc3 Qb8 $15)) (13... Nd5 14. Ne4 (14. Bf3
Bd7 15. Rfd1 Rac8 16. e4 Nxc3 17. Qxc3 Be8 18. g3 Bg5 19. Rc2 g6 $132 {Hounie
Fleurquin,C-Bolbochan,J/Mar del Plata 1934/0-1 (107)}) 14... Bd7 15. Bf3 a5 16.
a3 Be8 17. Rfd1 Qb8 18. Rd2 Ra7 19. Ne5 f6 20. Nd3 Bf7 21. Qd1 $14 {1/2-1/2
Maduekwe,C-Ng Ek Teong/Manila olm 1992 (37)}) 14. Bf3 b6 15. Nb5 cxb5 16. Ne5
Nc5 17. Bxa8 Qxe5 18. dxe5 Nxb3 19. axb3 $18 {1-0 Shneider,A-Laine,P/Jyvaskyla
op 1993 (40)}) (13. a3 Nd5 14. b4 Bd7 15. Qb3 Be8 16. Rfd1 Rac8 17. Bf3 Qb8 18.
Ne4 $14 {Van Wely,L-Hansen,L/Wijk aan Zee swiss 1995/1/2-1/2 (60)} (18. e4 Nxc3
19. Qxc3 b6 20. e5 Rc7 21. Rb1 Qc8 22. Be4 f5 23. Bc2 {1/2-1/2 Bronstein,
L-Soppe,G/La Carlota Clarin op 1995})) (13. Bf3 Nd5 14. Ne4 Bd7 15. a3 Be8 16.
b4 Nb6 17. Ned2 {1/2-1/2 Barsov,A-Panchenko,A/Tashkent Agzamov mem 1986}) (13.
Ne5 Bd7 14. Bf3 Be8 15. Ne4 Nd5 16. a3 Rac8 17. g3 Qb8 18. Nd3 b6 19. b4 Qb7
20. Qb3 Ra8 21. Nd2 a5 22. Rc2 axb4 23. axb4 {1/2-1/2 Lukacs,P-Flear,G/Gausdal
AC 1987}) 13... Bd7 (13... Nd5 14. Rfd1 (14. Ne4 Bd7 15. a3 Rac8 16. b4 Be8 17.
Qb3 f6 18. Nc5 $14 {1/2-1/2 Ionov,S-Wul,A/Moscow op 1990 (34)}) 14... Bd7 15.
Ne4 Be8 16. a3 Rac8 17. b4 Qb8 18. Qb2 $14 {Rufer,M-Sielaff,M/RLNS 1989/1-0 
(62)}) 14. a3 (14. Ne4 Nxe4 15. Qxe4 c5 16. dxc5 Bc6 (16... Bxc5 17. Ne5 Qb6
18. Bf3 Rab8 19. Rfd1 Be8 20. Nc4 Rxd1+ 21. Bxd1 Qc7 22. Bc2 g6 $132) 17. Qe5
Qxe5 18. Nxe5 Rd2 $132 {Kasparov,G-Rodriguez,R/Moscow izt 1982/1-0 (58)}) (14.
Ne5 Be8 15. f4 c5 16. Nd1 Qa5 17. dxc5 Rd2 18. Qc4 Rc8 19. b4 Qxa2 20. Qxa2
Rxa2 21. Nc3 Rb2 $132 {Engel,J-Vidmar,M/Bad Sliac 1932/0-1 (61)}) (14. Bf3 c5
$1 (14... Rac8 15. Ne5 Be8 16. Nd3 a5 17. Rfd1 Nd5 18. Na4 Bd6 19. g3 Nb4 20.
Qb3 Rb8 21. a3 Nxd3 22. Rxd3 $14 {1/2-1/2 Ukhanov,A-Malevinsky,A/RUS-sf
Yaroslavl 1995 (30)}) 15. d5 (15. dxc5 Bxc5 16. Ne4 Be7 $11) 15... Rac8 $11)
14... c5 $1 $11 (14... Be8 15. Rfd1 Rac8 16. b4 $14 (16. e4 b5 17. Ne3 c5 18.
e5 (18. d5 b4 19. Nb1 (19. Na2 Qe5 20. Bf3 Bd6 21. g3 exd5 22. Nxd5 Nxd5 23.
Rxd5 Qe6 24. axb4 cxb4 25. Qd3 Rxc1+ 26. Nxc1 Bc6 $15) 19... Bd6 20. g3 bxa3
21. Nxa3 $14) 18... cxd4 19. exf6 Bxf6 20. Ncd5 Qb8 21. Nxf6+ gxf6 22. Qe4 dxe3
23. Qxe3 Rxd1+ 24. Rxd1 Qe5 $15 {0-1 Petersen,S-Hansen,L/Open, Koge DEN 1997 
(42)})) 15. dxc5 Qxc5 (15... Bxc5 16. b4 Bf8 17. Rfd1 (17. Qb2 Rac8 18. Na5 Qb8
19. Bf3 b6 $11) 17... Rac8 $132) 16. b4 Qc7 17. Qb2 (17. Rfd1 Rac8 $11) 17...
Rac8 18. Na5 Qb8 19. Rfd1 (19. Bf3 b6 $11) 19... b6 20. Nb3 Bc6 (20... Bd6 21.
g3 Bc6 $11) 21. Ba6 Rxd1+ (21... Ng4 22. g3 Bb7 23. Be2 Ne5 24. Nd4 $11) 22.
Nxd1 Bb7 (22... Rd8 23. Nd4 Ba8 24. Qe2 $11) 23. Rxc8+ Qxc8 24. Bxb7 Qxb7 25.
Nc3 (25. Nd4 Qd7 $11) 25... Qd7 26. Qd2 Kf8 (26... Bd6 $11) (26... Qxd2 27.
Nxd2 a6 28. Nc4 b5 29. Ne5 Bd6 30. Nd3 $11) 27. Qe2 Bd6 28. g3 Be5 29. Nb5 Qd5
(29... a6 30. N5d4 Qa4 31. Qb2 Nd5 $11) 30. N5d4 (30. N3d4 Bxd4 (30... a6 31.
Nc3 Qd7 32. Qxa6 Bxd4 33. exd4 Qxd4 34. Qc8+ Ke7 35. Qc7+ Nd7 36. h4 $132) 31.
Nxd4 a5 $11 (31... e5 $11)) 30... Bxd4 31. Nxd4 e5 (31... a5 $11) 32. Nb5 Qc6 (
32... Qd7 $11) (32... a5 33. bxa5 bxa5 34. a4 Ke7 $11 (34... Qb3 35. Qd2 Qb4
36. Qd6+ Qxd6 37. Nxd6 Nd7 38. Nc4 f6 39. Nxa5 Nc5 $11)) 33. Qd3 a6 (33... Qc1+
34. Kg2 Qc6+ 35. f3 a6 36. Nc3 b5 $11) 34. Nc3 b5 35. Qd8+ Ne8 36. Nd5 Qd6 $8
37. Qa8 f6 (37... f5 $11) 38. e4 Kf7 $6 $14 (38... g6 39. f3 f5 40. Kf2 fxe4
41. fxe4 Kf7 42. Qb7+ Kg8 43. Ke3 h6 44. h4 Kf8 45. Qh7 h5 46. Qa7 Kg8 $11) 39.
Qb7+ Kf8 40. Kg2 Qe6 (40... h5 41. h4 Kg8 42. f3 Kf8 43. Kf2 Kg8 44. Ke3 Kf8
45. f4 $14) 41. Nb6 (41. h4 $5 $14) 41... h5 $2 $16 (41... Nd6 42. Qxa6 Nxe4
43. Qxb5 Qa2 44. Qf1 (44. Kf3 Ng5+ 45. Kg2 Ne4) 44... Qxa3 45. Qc4 $14) 42.
Nd7+ Kg8 43. Nc5 Qf7 (43... Qc4 44. Qxa6 $16) 44. Qxa6 Nc7 $8 45. Qc8+ (45. Qd6
$16) 45... Kh7 46. Qb7 (46. h4 $16) 46... h4 47. Qc8 (47. gxh4 Kh6 48. Kg3 Qg6+
49. Kf3 Qh5+ 50. Ke3 Qd1 51. Qc8 (51. Qxc7 $2 Qe1+ 52. Kf3 Qd1+ 53. Kg2 Qg4+
$11) 51... Qe1+ 52. Kf3 Qd1+ 53. Kg2 Ne8 54. h3 $18) 47... hxg3 48. hxg3 Qe7
49. Kf3 Qd6 50. Qd7 (50. Kg4 Kg6 51. Qd7 $16) 50... Qxd7 51. Nxd7 Ne6 (51...
Ne8 52. Nb6 Nd6 53. a4 bxa4 54. Nxa4 $16) 52. Ke3 Kg6 53. f4 exf4+ 54. gxf4 Kf7
55. f5 Ng5 56. Nb6 $18 Ke8 57. Nc8 Nf7 58. Nb6 (58. Kd4 $18) 58... Ke7 59. Kd4
Kd6 60. a4 bxa4 61. Nxa4 Ne5 62. Nc3 g6 (62... Nc6+ 63. Kc4 Ne5+ 64. Kb5 Nd3
65. Na4 $18) 63. fxg6 Nxg6 64. Nd5 Ne5 65. b5 $4 $11 (65. Nxf6 $1 Nc6+ 66. Kc3
(66. Kc4 Ke5 (66... Ne5+ 67. Kb5 $18) 67. b5 (67. Kc5 Nxb4 68. Kxb4 Kxf6 $11)
67... Nd8 68. Nd7+ Kxe4 69. b6 $18) 66... Ke5 67. b5 Nb8 68. Kc4 Kxf6 69. Kd5
Ke7 $11) 65... Nd7 $4 $18 (65... Nf3+ 66. Ke3 (66. Kc4 Ne5+ 67. Kd4 (67. Kb4 f5
$11) 67... Nf3+) 66... Ne5 67. Kf4 Nc4 68. Kf5 Nd2 69. b6 Kc6 $11) 66. Nxf6 Nf8
(66... Nxf6 67. e5+ $18) 67. e5+ Kc7 68. Nd5+ Kd7 69. Nf4 Nh7 70. Kc5 Ng5 71.
e6+ Kc7 72. Nd5+ Kb7 73. e7 Ne4+ 74. Kd4 Nd6 75. Ke5 Ne8 76. Ke6 Kc8 77. b6 1-0

[Event "Petrov Memorial op"]
[Site "St Petersburg"]
[Date "2000.02.09"]
[Round "3"]
[White "Ulko, Jaroslav"]
[Black "Burmakin, Vladimir"]
[Result "1-0"]
[WhiteElo "2459"]
[BlackElo "2567"]
[Annotator "Tsesarsky,I"]
[PlyCount "95"]
[EventDate "2000.02.05"]
[EventType "swiss"]
[EventRounds "9"]
[EventCountry "RUS"]
[SourceTitle "CBM 076"]
[Source "ChessBase"]
[SourceDate "2000.05.31"]
[SourceVersion "1"]
[SourceVersionDate "2000.05.31"]
[SourceQuality "1"]

1. d4 d5 2. c4 c6 3. Nf3 Nf6 4. Nc3 e6 5. Bg5 Nbd7 6. e3 Qa5 7. cxd5 exd5 8.
Bd3 Ne4 9. O-O Nxg5 10. Nxg5 Nf6 11. f4 (11. Qc2 h6 12. Nf3 Bd6 13. Rae1 (13.
h3 Qc7 14. a3 O-O 15. b4 Qe7 16. Qb3 Ne4 17. b5 Re8 18. bxc6 bxc6 19. Qc2 Bf5
20. Bxe4 dxe4 21. Ne5 c5 $15 {1/2-1/2 Cvitan,O-Raicevic,V/Val Thorens 1984 (28)
}) 13... O-O (13... Qc7 14. e4 dxe4 15. Nxe4 Nxe4 16. Rxe4+ Kf8 17. Rfe1 {
1-0 Naivelt,M-Arakelian,A/cr Tch10-URS 1994 (17)} Be6 $14) 14. Ne5 Be6 15. f4
Rae8 16. h3 Bc8 17. g4 Bb4 18. g5 Ne4 19. gxh6 g6 20. Bxe4 dxe4 21. Kh2 $16 {
0-1 Janowsky,D-Jaffe,C/New York 1916 (45)}) (11. Re1 Be7 (11... h6 12. Nf3 Bb4
13. Qc2 O-O 14. a3 Bd6 15. Ne5 Be6 16. f4 Rfc8 17. h3 c5 18. Qf2 Qd8 $132 {
1-0 Gofshtein,L-Godena,M/Genoa 1998 (29)}) 12. Qc2 Bd7 13. Rac1 Rd8 14. a3 Bc8
15. h3 Qc7 16. Na4 Bd6 17. Nc5 h6 18. Nf3 O-O 19. b4 Qe7 $132 {0-1 Trifunovic,
P-Bogoljubov,E/Birmingham 1951 (42)}) (11. h3 Bd6 (11... h6 12. Nf3 Bb4 13. Qc2
O-O 14. a3 Bd6 15. b4 Qc7 16. Rfc1 Qe7 17. Na4 Ne4 18. Bxe4 dxe4 19. Nd2 Bf5
$11 {0-1 Stojanovski,I-Popov,V/Macedonia ch 1993 (34)}) 12. f4 Qc7 (12... O-O
13. Qc2 g6 14. Rae1 Bd7 15. a3 c5 16. Qf2 Kg7 17. e4 c4 18. e5 Ng8 (18... cxd3
19. exf6+ Kg8 20. Nxh7 $16) 19. f5 $16 {1-0 Avshalumov,A-Anastasian,A/
Sevastopol 1986 (35)} (19. Bxc4 dxc4 20. exd6 $16)) 13. Qc2 h6 14. Nf3 Be6 15.
Ne5 Qe7 16. a3 O-O 17. Rae1 c5 18. g4 a6 19. Qg2 Rad8 20. Kh1 Bb8 21. g5 hxg5
22. Qxg5 Qd6 23. Rg1 $18 {1-0 Salov,V-Raicevic,V/Moskva 1986 (25)}) (11. e4
dxe4 (11... h6 12. Nf3 dxe4 13. Nxe4 Nxe4 14. Bxe4 Be6 15. Re1 Be7 16. Bc2 Qc7
17. Bb3 $11 (17. Rxe6 fxe6 18. Bg6+ Kd8 19. Qb3 $15 {0-1 Mikenas,V-Apscheneek,
F/Kemeri 1937 (71)})) 12. Ngxe4 Nxe4 13. Bxe4 Be6 14. Qf3 Bd6 15. Rad1 O-O 16.
d5 cxd5 17. Nxd5 f5 18. Bc2 Rad8 19. Bb3 $11 {1/2-1/2 Nemet,I-Gereben,E/Lenk
ch 1987 (22)}) 11... h6 (11... Be7 12. Qe1 h6 13. Nf3 O-O 14. a3 Qd8 (14... Re8
{[%cal Ge8e3]} 15. Ne5 c5 $2 16. Nxd5 $1 $16) 15. Ne5 c5 16. Rd1 cxd4 17. exd4
Bd7 18. Bb1 Rc8 19. Qe3 Re8 20. Qd3 Bc6 21. Qf5 Bf8 22. Ng4 Kh8 23. Ne5 (23.
Nxf6 $1 g6 24. Qxc8 $1 Qxc8 25. Nxe8 Qxe8 26. f5 $14) 23... Kg8 24. Rf3 g6 25.
Rg3 Bg7 26. Nxg6 fxg6 27. Qxg6 Qe7 28. Bf5 Rc7 29. Qxh6 Ng4 $3 (29... Qe3+ 30.
Rxe3 Bxh6 31. Rxe8+ Nxe8 32. Be6+ Kh8 $15 {1/2-1/2 Najdorf,M-Horowitz,I/Havana
1952 (38)}) 30. Be6+ (30. Qe6+ Qxe6 31. Bxe6+ Rxe6 32. Rxg4 $17) (30. Rxg4 Qe3+
31. Kf1 Bb5+ $19) 30... Qxe6 31. Qxe6+ Rxe6 32. Rxg4 $17) (11... Bb4 12. Qc2 h6
13. Nf3 O-O 14. h3 c5 15. Ne2 c4 16. Bf5 Bxf5 17. Qxf5 Qa6 $17 {1/2-1/2
Ambarcumjan,A-Nemec,T/Cappelle la Grande 1991 (31)}) 12. Nf3 Bg4 {Otherwise
White will play Ne5 and Bc8 will not have convenient place.} (12... Bd6 13. Ne5
{[%csl Rc8]}) 13. h3 Bxf3 14. Qxf3 Bd6 15. a3 {White waiting for 0-0} (15. Rae1
$5) 15... Qc7 16. Rae1 O-O {It is impossible to wait with 0-0.} 17. g4 $1 {
White immediately start K attack} g6 (17... Rfe8 18. g5 $36) 18. Qg2 $1 (18. g5
$6 hxg5 19. fxg5 Nh5 $132) (18. Re2 $5 {[%cal Ge2g2,Gg4g5]} Rae8) 18... Rae8
19. g5 hxg5 20. Qxg5 $1 Qe7 $2 $14 {Bad move.} (20... Nh5 $1 {And it is not
easy to continue White Attack} 21. Re2 (21. Rf3 Nxf4) 21... Qd7 22. Rf3 Be7 23.
Qg4 Nf6 24. Qg2 Kh8 25. f5 g5 $11 {[%cal Gf8g8]}) 21. f5 Nh7 22. Qxe7 Rxe7 23.
e4 $1 Bg3 $6 $16 (23... Rfe8 $1 24. fxg6 (24. e5 gxf5 25. Rxf5 Bc7 (25... f6
26. Ne4 Bxe5 (26... dxe4 27. exd6 Rd7 28. Rxe4 Rxe4 29. Bxe4 Rxd6 30. d5 $11)
27. dxe5 dxe4 28. Rxe4 Rxe5 29. Rg4+ Kh8 30. Rh4 Rxf5 31. Bxf5 Re7 32. Kf2 $44)
26. Kf2 Bb6 27. Rf4 f6 28. Bg6 Ng5 29. Re3 Rf8 $132) (24. f6 Re6 25. e5 Bc7 26.
Bxg6 Bb6 27. Rf4 (27. Bxh7+ Kxh7 28. Rf4 Rxe5 29. Rxe5 Rxe5 30. Na4 Rg5+ 31.
Kf2 Bc7 $17) 27... Ng5 28. Bf5 Rxe5 29. Rd1 $132) 24... fxg6 25. e5 Bc7 26. Ne2
$14) 24. Re2 dxe4 25. Nxe4 (25. Bxe4 Bh4 (25... Rfe8 26. fxg6 fxg6 27. Rg2 $16)
(25... g5 26. Bxc6 $1 Rxe2 27. Nxe2 bxc6 28. Nxg3 Rd8 29. Ne2 Nf6 30. Rc1 Rd6
31. Kf2 $16) 26. fxg6 fxg6 27. Bxg6 Rg7 28. Rg2 $14) 25... Bh4 26. Rf4 g5 27.
Rxh4 $1 {I think, this move was missed by Black} gxh4 28. Nf6+ Nxf6 29. Rxe7
Rd8 (29... b5 $5 {[%csl Rc4,Rf7][%cal Gd3c4]} 30. Rxa7 Rd8 31. Bf1 Rxd4 32. Ra6
$16) 30. Bc4 Rxd4 31. Bxf7+ Kg7 (31... Kf8 32. Rxb7 Rd7 33. Rxd7 Nxd7 34. Be6
$16) 32. Rxb7 Kh6 $2 $18 (32... Rd7 33. Rxd7 Nxd7 34. Be6 $16) 33. b4 (33. Rxa7
Kg5 34. Be6 Rd1+ 35. Kf2 Kf4 36. Ke2 Rh1 37. Ra4+ Kg3 38. Rc4 Rh2+ 39. Ke3 Rxb2
40. Rxc6 Kxh3 41. Kf3 Rg2 42. a4 Rg3+ 43. Kf4 Ra3 (43... Nh5+ 44. Ke5 Re3+ 45.
Kd4 Ra3 46. f6+ $18) 44. Rc4 $18) 33... Kg5 34. Be6 Kf4 35. Rxa7 Rd1+ 36. Kg2
Ne4 37. Rd7 Rc1 38. Rd3 Rc2+ 39. Kf1 Ng3+ (39... c5 40. bxc5 Nxc5 41. Rd4+ Kg3
42. Rg4+ Kxh3 43. Rc4 Rxc4 44. Bxc4 Ne4 45. a4 Nd2+ 46. Ke2 Nxc4 47. f6 $18)
40. Ke1 Rh2 41. Bd7 Rh1+ (41... Nxf5 42. Bxc6 (42. Bxf5 Kxf5 43. a4 Ke4 44. Ra3
Rh1+ 45. Kf2 Rb1 46. a5 Rxb4 47. a6 Rb2+ 48. Ke1 Rb8 49. a7 Ra8 50. Kd2 Kd4 51.
Ra4+ Kc5 $11) 42... Ne3 43. Rd4+ Kg3 44. Re4 $18) 42. Kd2 Rxh3 43. Bxc6 Rh2+
44. Kc3 Nxf5 45. b5 Re2 (45... Ra2 46. Kb4 Ke5 47. a4 Nd4 48. a5 Rb2+ (48...
Nxc6+ 49. bxc6 Rc2 50. Kb5 $18) 49. Kc5 Rc2+ 50. Kb6 $18) 46. a4 Ke5 47. b6 Nd6
48. b7 1-0

[Event "Julian Borowski-B 3rd"]
[Site "Essen"]
[Date "2001.05.09"]
[Round "7"]
[White "Pelletier, Yannick"]
[Black "Fridman, Daniel"]
[Result "1/2-1/2"]
[WhiteElo "2531"]
[BlackElo "2559"]
[Annotator "Tsesarsky,I"]
[PlyCount "90"]
[EventDate "2001.05.02"]
[EventType "tourn"]
[EventRounds "9"]
[EventCountry "GER"]
[EventCategory "9"]
[SourceTitle "CBM 083"]
[Source "ChessBase"]
[SourceDate "2001.07.05"]
[SourceVersion "1"]
[SourceVersionDate "2001.07.05"]
[SourceQuality "1"]

1. Nf3 Nf6 2. c4 e6 3. Nc3 d5 4. d4 Nbd7 5. Bg5 c6 6. e3 Qa5 7. cxd5 Nxd5 8.
Qd2 Bb4 9. Rc1 h6 ({mainline is} 9... O-O 10. Bd3 e5 11. O-O h6 12. Bh4 exd4
13. exd4 N7b6 {-see commented game 0-1 Vshivkov,K-Kozlov,O/Perm 1997/CBM 58 
[Tsesarsky,I](40)}) 10. Bh4 O-O 11. Bd3 e5 12. a3 $2 $17 {This move is mistake,
Black leaves with advantage.} ({Right continuation is} 12. O-O $1 Re8 (12...
exd4 13. exd4 Re8 14. Bb1 Nf8 15. Ne5 (15. Bg3 Be6 16. Qd3 Rad8 17. Ne4 Bf5 18.
Nf6+ Nxf6 19. Qxf5 Qxf5 20. Bxf5 $11 {1/2-1/2 Lerner,K-Rabiega,R/Bad
Woerishofen 1997/EXT 2000 (22)}) 15... Be6 16. Qd3 (16. Rfe1 c5 17. Nc4 Qa6 18.
Ne3 Nxe3 19. fxe3 Bxa2 20. Bxa2 Qxa2 21. d5 Qc4 $17 {0-1 Oll,L-Smagin,S/
Copenhagen 1993/EXT 99 (44)}) 16... Nf4 17. Qf3 N4g6 18. Bg3 $132 {1/2-1/2
Uhlmann,W-Smagin,S/Dortmund 1991/CBM 23 (44)}) 13. Qc2 (13. e4 Nxc3 (13... Nf4
{-see commented game 0-1 Alekhine,A-Bogoljubow,E/GER/NLD 1929/MainBase
[Chessbase] (34)}) 14. bxc3 Ba3 15. Rb1 exd4 16. cxd4 Qxd2 17. Nxd2 Nb6 18. Nb3
(18. f4 c5 19. Bb5 Re6 20. d5 $16 {1-0 Aubel,J-De Graaff,R/NED 2000/CBM 74 ext
(43)}) 18... Be7 19. Bxe7 Rxe7 20. Nc5 Rb8 21. Rfc1 Nd7 22. Nb3 Nb6 $132 {
1/2-1/2 Ulko,J-Shabanov,Y/Moscow 1999/EXT 2001 (44)}) 13... exd4 14. exd4 (14.
Nxd5 Qxd5 15. exd4 Nb6 16. Bg3 Qxa2 $17 {1-0 Shirov,A-Piket,J/Aruba 1995/CBM
46 (41)}) 14... N7b6 (14... Nf8 15. Bg3 Be6 16. Ne5 Be7 17. a3 Qd8 18. Ne4 $132
{0-1 Malinin,Y-Shabanov,Y/Tula 1998/EXT 2000 (35)}) 15. Ne5 Be6 16. Bh7+ Kh8
17. Bf5 Kg8 18. Bh7+ Kh8 19. Bf5 Rg8 {1/2-1/2 Piket,J-Ivanchuk,V/Monte Carlo
1993/CBM 34 ext (19)}) 12... Bxc3 13. bxc3 exd4 $1 {Precisely!} (13... Qxa3
$143 $2 14. O-O $44 (14. Nxe5 $6 $15 Nxe5 15. dxe5 Re8 16. Bg3 (16. f4 $5)
16... Be6 17. O-O Rad8 18. Qc2 (18. Rfd1 $17) 18... Nxc3 $19 {0-1 Bogoljubow,
E-Alekhine,A/GER/NLD 1929/MainBase (56)})) (13... Re8 $143 $2 14. c4 Qxd2+ 15.
Nxd2 Ne7 (15... Nc7 16. O-O Ne6 17. Rfe1 b6 18. Bf5 exd4 19. exd4 Bb7 20. Ne4
Ndf8 21. Rcd1 $14 {0-1 Beliavsky,A-Oll,L/NLD-chT9495 1994/EXT 98 (44)}) (15...
N5f6 16. O-O g5 17. Bg3 Nh5 18. Ne4 Nxg3 19. fxg3 Re7 20. d5 $16 {1-0 Lerner,
K-Simic,D/Graz 1999/EXT 2001 (27)}) 16. O-O exd4 17. exd4 Nf8 18. Rfe1 Bf5 19.
Bf1 (19. Rxe7 Bxd3 20. Rxb7 Ne6 21. Nf3 Nf4 22. Kh1 Ne2 $132) 19... Neg6 20.
Bg3 Rxe1 21. Rxe1 Rd8 22. Nb3 $132 {1/2-1/2 Beliavsky,A-Oll,L/Polanica Zdroj
1996/CBM 55 (28)}) 14. cxd4 (14. exd4 Re8+ $17) 14... Qxa3 15. O-O Re8 16. e4 (
{Also leads to Black advantage} 16. Bb1 Qb4 (16... N5b6 17. e4 Nf8 18. d5 cxd5
19. exd5 Bd7 $15 {0-1 Frosch,E-Rabiega,R/Graz 1997/EXT 2000 (58)}) 17. Qd3 Nf8
18. Bg3 (18. Ne5 Rxe5 19. Rc4 Bf5 $19 {0-1 Rogers,I-Smagin,S/Prague 1992/CBM
27 (25)}) 18... a5 $17) 16... Nf4 17. Bc2 Ng6 18. Ra1 Qf8 19. Bg3 Nf6 {[%csl
Re4][%cal Gf6e4]} 20. Rfe1 {White hasn't any compensation for P lack - strong
center and pair of BBare not sufficient...} Nh5 $1 21. Ne5 (21. Bc7 Qe7 22. Bb6
Bg4 23. Bc5 Qd7 24. Qe3 (24. Bxa7 Bxf3 25. gxf3 Qh3 $19 {[%csl Rg1]}) 24... b6
25. Ba3 Nhf4 $17) 21... Nxg3 22. Nxg6 fxg6 23. hxg3 Be6 24. f4 Red8 25. Ra5 Qd6
({Quite good also} 25... b6 26. Ra6 (26. Re5 Qd6 27. Qc3 Bf7 28. Rd1 $17) 26...
Qd6 27. Rd1 Bc4 $17) 26. Re5 Bf7 27. Rd1 b6 28. Qc3 a5 29. Bb3 Ra7 30. Bxf7+
Rxf7 31. d5 Rf6 (31... Qf6 32. Qb3 cxd5 33. exd5 Rd6 $17) (31... Rc7 32. Qe3
Qb4 $17 (32... b5 33. Qb6 a4 34. Rc1 Rcc8 35. Rxc6 Rxc6 36. dxc6 Rc8 37. Qxb5
Qxc6 38. Qxc6 Rxc6 39. Ra5 $11)) 32. Rc1 Rc8 (32... c5 $17) 33. Qb3 Kh7 34.
dxc6 Rxc6 35. Rd1 Qf8 (35... Rc3 $1 36. Qxc3 Qxd1+ 37. Kh2 Rd6 38. Qc8 a4 $19 (
38... Rd2 $2 39. Re8 Qh5+ 40. Kg1 Qc5+ 41. Qxc5 bxc5 42. Ra8 $44)) 36. Red5
Rfd6 37. Kh2 (37. Rxd6 Rxd6 38. Rxd6 Qxd6 39. e5 Qd4+ 40. Kh2 a4 41. Qf7 a3 42.
e6 (42. f5 gxf5 43. Qxf5+ Kg8 44. Qc8+ Kf7 45. Qf5+ Ke7 $19) 42... a2 43. f5
Qg4 $19) 37... Rxd5 38. Rxd5 Qc8 (38... Qf7 39. Qd1 Re6 40. e5 Qf5 41. Qf3 g5
42. Rd4 gxf4 43. gxf4 b5 $17) 39. Rb5 Rc5 $4 $44 {QQ endgame is drawn! See
detailed analysis above.} ({Right continuation was} 39... Qg4 $1 {and Black
wins:} 40. Rxb6 (40. e5 Qh5+ $19) (40. Qd3 a4 41. Qe3 Rd6 42. Re5 Rd1 43. Rb5
g5 $19) 40... Qh5+ 41. Kg1 Rc1+ $19) 40. Rxc5 bxc5 (40... Qxc5 41. e5 b5 (41...
g5 42. e6 Kg6 43. Qd3+ (43. e7 Qxe7 44. Qxb6+ Qf6 45. Qxa5 gxf4 $15) 43... Kf6
44. Qd7 Qe7 45. Qd4+ Kxe6 46. Qxb6+ Qd6 47. f5+ Ke5 48. Qxa5+ Kf6 $11) 42. Qf7
$11 {[%cal Ge5e6,Ge6e7]} Kh8 (42... a4 43. f5 gxf5 44. e6 Qd5 45. Qd7 $18) 43.
Qxg6 (43. e6 Qh5+ 44. Kg1 Qd1+ $11) 43... Qe7 (43... b4 44. Qf7 Kh7 45. e6 $18)
44. Qb6 a4 45. Qxb5 a3 46. Qd5 Qa7 47. e6 a2 48. e7 Qxe7 49. Qxa2 $44) 41. Qc4
Qa8 (41... Qc6 42. e5 a4 43. e6 Qd6 44. Qe4 Qe7 45. Qc6 a3 46. Qa6 c4 47. Qxc4
Qa7 48. Qa2 h5 {This position with Pe5 will be created in this game - see
above.} 49. Kh1 $1 $11) (41... Qc7 42. e5 Qa7 43. e6 a4 44. Qe4 Qe7 45. Qc6 a3
46. Qa6 $11) (41... g5 42. e5 Kg6 (42... gxf4 43. gxf4 h5 (43... Qf5 44. g3 $44
) 44. Kg1 h4 45. e6 $44) 43. Qe4+ Kf7 (43... Qf5 44. Qc6+ Kh5 45. Qxc5 a4 (
45... gxf4 46. Qxa5 fxg3+ 47. Kxg3 g5 48. Kh2 $11) 46. Qb4 gxf4 47. gxf4 Qc2
48. e6 $11) 44. Qd5+ Kf8 45. Qd6+ Kg8 46. e6 Qe8 47. Qd7 Kf8 48. Qd6+ $11) 42.
Qxc5 a4 43. Qc4 a3 44. Qa2 Qa7 (44... g5 45. e5 Qf8 46. fxg5 hxg5 47. Qd5 g4
48. e6 $11) 45. e5 h5 ({After} 45... h5 {White should find the the only} 46.
Kh1 $1 (46. e6 $2 Qe3 (46... Qc5 47. Qd2 $11) 47. Qd5 h4 (47... Qe2 48. Qa5 a2
49. e7 $11) 48. gxh4 Qxf4+ 49. Kh3 (49. g3 Qf2+ 50. Kh3 Qf1+ 51. Kh2 Qe2+ 52.
Kh3 a2 $19) 49... Qe3+ 50. g3 Qe2 $19 51. Qa5 Qxe6+ {[%cal Ge6h3]}) 46... Qe7
$1 (46... Qe3 47. Kh2 h4 48. gxh4 Qxf4+ 49. g3 Qe3 50. Kg2 g5 (50... Qc3 51. e6
Qd3 52. Kh2 Qe3 53. Kh3 g5 54. hxg5 Kg6 55. Qd5 Qe2 56. g4 $1 $11) 51. hxg5 Kg6
52. Qe6+ Kxg5 53. Qe7+ $11) (46... g5 47. f5 (47. fxg5 Kg6 $19) 47... Qe7 (
47... h4 48. Qe6 Qa8 49. Qg6+ Kg8 50. Qe6+ Kh8 51. f6 a2 52. fxg7+ Kxg7 53.
Qf6+ $11) (47... g4 48. Qe6 Qa8 49. Qg6+ Kg8 50. Qe6+ Kh8 51. f6 a2 52. fxg7+
$11) (47... Qa8 48. f6 $11) 48. Qd5 g4 49. Kh2 Qf8 (49... Kh6 50. Qd4 $11) 50.
Qe6 Kh8 51. f6 gxf6 52. exf6 $11) 47. e6 $1 (47. Qd5 Qb4 48. Kh2 Qb1 49. Qf7 a2
50. f5 Qxf5 51. Qxa2 Qxe5 $17) 47... Qd6 (47... g5 48. Qd5 gxf4 49. gxf4 Kh6
50. g3 g6 51. Kg2 $11) (47... Kh6 48. Qd2 g5 49. Qd7 Qf6 50. e7 a2 51. e8=Q
a1=Q+ 52. Kh2 gxf4 53. Qh8+ Kg5 54. Qh3 {[%csl Rh5]} Qd1 55. Qh4+ Kg6 56. Qxf6+
Kxf6 57. Qf8+ $11) 48. Qe2) (45... Qc5 46. e6 h5 47. Qd2 $11) 1/2-1/2